000 00608nam a2200181 a 4500
001 000041750
005 20201002035731.0
008 131119s1981 sp a 000 0 spa d
020 _a8400049373
040 _aDO-SdBNP
_bspa
_cBNPHU
100 1 _aBlázquez, José María
_d1926-
_968600
245 1 0 _aMosaicos romanos de Córdoba, Jaén y Málaga /
_cJ.M. Blázquez.
260 _aMadrid :
_bCSIC,
_c1981.
300 _a75 p. (95 lám.) ;
_c28 cm.
490 1 _aCorpus de mosaicos de España ;
_v3
710 2 _aInstituto Español de Arqueología,
_968601
830 0 _aCorpus de mosaicos de España ;
_v3
_968602
999 _c41239
_d41239